A handbook for setting up and running a small-scale business producing high-value foods/ (Record no. 170112)

MARC details
000 -LEADER
fixed length control field 01476nam a2200373 a 4500
008 - FIXED-LENGTH DATA ELEMENTS--GENERAL INFORMATION
fixed length control field
020 ## - INTERNATIONAL STANDARD BOOK NUMBER
International Standard Book Number 9789290815563 (paperback)
040 ## - CATALOGING SOURCE
Original cataloging agency NUST
Transcribing agency NUST
049 ## - LOCAL HOLDINGS (OCLC)
Holding library MAIN
090 ## - LOCALLY ASSIGNED LC-TYPE CALL NUMBER (OCLC); LOCAL CALL NUMBER (RLIN)
Classification number (OCLC) (R) ; Classification number, CALL (RLIN) (NR) REF HD2340.782
Local cutter number (OCLC) ; Book number/undivided call number, CALL (RLIN) HAN
003 - CONTROL NUMBER IDENTIFIER
control field
005 - DATE AND TIME OF LATEST TRANSACTION
control field 20230123141236.0
245 10 - TITLE STATEMENT
Title A handbook for setting up and running a small-scale business producing high-value foods/
Statement of responsibility, etc. Yeshiwas Ademe ; Barrie Axtell ; Peter Fellows ; Linus Gedi ; David Harcourt ; Cecile La Grenade ; Michael Lubowa & Joseph Hounhouigan edited by Peter Fellows & Barrie Axtell.
260 ## - PUBLICATION, DISTRIBUTION, ETC.
Place of publication, distribution, etc. Netherlands :
Name of publisher, distributor, etc. Centre for Agricultural and Rural Cooperation (CTA),
Date of publication, distribution, etc. 2014.
300 ## - PHYSICAL DESCRIPTION
Extent 454 pages :
Other physical details illustrations (some colour) ;
Dimensions 24 cm.
336 ## - CONTENT TYPE
Content type term text
Content type code txt
Source rdacontent
337 ## - MEDIA TYPE
Media type term unmediated
Media type code n
Source rdamedia
338 ## - CARRIER TYPE
Carrier type term volume
Carrier type code nc
Source rdacarrier
500 ## - GENERAL NOTE
General note Includes index.
504 ## - BIBLIOGRAPHY, ETC. NOTE
Bibliography, etc. note Includes bibliographical references.
650 ## - SUBJECT ADDED ENTRY--TOPICAL TERM
Topical term or geographic name entry element Small business.
700 ## - ADDED ENTRY--PERSONAL NAME
Personal name Ademe, Yeshiwas.,
-- author.
700 ## - ADDED ENTRY--PERSONAL NAME
Personal name Axtell, Barrie.,
-- author.
700 ## - ADDED ENTRY--PERSONAL NAME
Personal name Fellows, Peter.,
-- author.
700 ## - ADDED ENTRY--PERSONAL NAME
Personal name Gedi, Linus.,
-- author.
700 ## - ADDED ENTRY--PERSONAL NAME
Personal name Harcourt, David.,
-- author.
700 ## - ADDED ENTRY--PERSONAL NAME
Personal name La Grenade, Cecile.,
-- author.
700 ## - ADDED ENTRY--PERSONAL NAME
Personal name Lubowa, Michael.,
-- author.
700 ## - ADDED ENTRY--PERSONAL NAME
Personal name Hounhouigan, Joseph.,
-- author.
700 ## - ADDED ENTRY--PERSONAL NAME
Personal name Fellows, Peter.,
-- editor.
700 ## - ADDED ENTRY--PERSONAL NAME
Personal name Axtell, Barrie.,
-- editor.
907 ## - LOCAL DATA ELEMENT G, LDG (RLIN)
a .b1041647x
b 20-05-22
c 15-03-22
942 ## - ADDED ENTRY ELEMENTS (KOHA)
Koha item type Ordinary Loan Books
Call number prefix REF HD2340.782
Call number suffix HAN
Holdings
Date last seen Total Checkouts Full call number Barcode Cost, replacement price Price effective from Koha item type Lost status Source of classification or shelving scheme Damaged status Not for loan Collection Withdrawn status Home library Current library Shelving location Date acquired Cost, normal purchase price
01/23/2023   REF HD2340.782 HAN 92004050474 80.00 01/23/2023 BOOKS   LCC     NFIC   MAIN MAIN GEN 01/23/2023 80.00